000 00877nam a22002777a 4500
003 CHAP
005 20220329134818.0
008 971013s1982 r 10010 d
010 _a26360
011 _a27332
035 _a31433
040 _cCHAP
082 _a632.7
_bI57
111 0 0 _aInternational Workshop on Heliothis Management (
_d1981
_c: Patancheru, India)
_960116
245 _aProceedings
260 _aPatancheru, India :
_bICRISAT,
_c1982
300 _a418 p.
_b: ilus. ; gráfs
590 _aBATCH-UPD
_b10
_c20130110
_lUCH01
_h1745
590 _aCONVERSION
_b10
_c20130109
_lUCH01
_h1315
650 1 4 _aCultivos
_xPlagas.
_930305
650 1 4 _aHeliothis.
_953436
901 _aBK
942 _cLIBRO
949 _a632.7 I57
_bBC
_cLIBRO
_d33724000180998
_eLIBRO
_h68301
_i31433
_mD
_si
949 _a632.7 I57
_bBC
_cLIBRO
_d33724000181004
_eLIBRO
_fc.2
_h68302
_i31433
_mD
_si
999 _c26360
_d26360